000 00591nam a2200181Ia 4500
008 090124s9999 xx 000 0 und d
082 _b43650
100 _aजागीरदार गजानन
245 _aSANDHYAKAL संध्याकाळ
250 _a1
260 _bराजहंस प्रकाशन
_c1971
300 _a116
600 _aजागीरदार गजानन
630 _aSANDHYAKAL संध्याकाळ
700 _aजागीरदार गजानन
730 _aSANDHYAKAL संध्याकाळ
942 _cBOOK
999 _c109879
_d109879